Sempre nel cuore (Record n. 358468)

Dettagli MARC
000 -LEADER
campo di controllo lung. fissa 01359nam a22002057a 4500
003 - Identificatore del numero di controllo
campo di controllo IT-MiCISF
005 - Data e orario dell'ultima transazione
campo di controllo 20190801164602.0
008 - Elementi di lunghezza fissa--Informazione generale
campo di controllo lung. fissa 190801b ||||| |||| 00| 0 eng d
040 ## - Fonte della catalogazione
Agenzia che fa la trascrizione IT-MiCISF
041 ## - Codice di lingua
Codice di lingua del testo/traccia sonora o titolo separato it
100 ## - Accesso principale -- nome di persona
Nome di persona Rigoli MariaTeresa, Muscarà Giuseppe
9 (RLIN) 58000
245 ## - Formulazione del titolo
Titolo Sempre nel cuore
Complemento del titolo Rinascere dopo la perdita di un figlio
260 ## - Pubblicazione, distribuzione, ecc. (stampa)
Luogo di pubblicazione, distribuzione, ecc. Milano
Nome dell'editore, distributore, ecc. ITL
Data di pubblicazione, distribuzione, ecc. 2018
300 ## - Descrizione fisica
Estensione pp. 166
500 ## - Nota generale
Nota generale morte, famiglia, lutto, esperienze
520 ## - Riassunto, ecc.
Nota di riassunto, ecc. Un figlio che ha lasciato questa vita quando aveva solo 20 anni. Due genitori che quel giorno hanno iniziato un lungo cammino, che continua ancora oggi, alla ricerca di un senso e di nuove ragioni per sperare e per amare. Bisogna entrare "in punta di piedi" nelle pagine in cui raccontano il loro viaggio, perché - come scrive padre Ermes Ronchi nella prefazione - «sono loro i veri maestri, i testimoni che ci mettono alle strette davanti al "caso serio" della vita». Le parole di questo diario infatti ce li riconsegnano come «dei guaritori feriti. Che proprio dalla ferita subita sanno trarre una terapia, un balsamo per il vivere d'altri: e le ferite diventano feritoie di luce per quanti devono affrontare lo stesso dolore, il più atroce e che mette tutto a repentaglio. C'è dell'oro nelle ferite».
650 ## - Accesso aggiunto di soggetto--termine topico
Termine topico o nome geografico come accesso morte
9 (RLIN) 56250
654 ## - Accesso aggiunto di soggetto--termini topici faccettati
Termine principale testimonianza
942 ## - Dati aggiuntivi (Koha)
Fonte della classificazione o dello schema di collocazione (segnatura) Dewey Decimal Classification
Tipo copia default (Koha) LIBRO
Dati di copia
Ritirato (status) Perso (status) Fonte della classificazione o dello schema di collocazione (segnatura) Danneggiato (status) Non per il presito Biblioteca proprietaria Biblioteca in cui si trova Data d'acquisizione Totale prestiti Collocazione Codice a barre Data ultima operazione Prezzo in vigore dal Tipo copia default (Koha)
    Dewey Decimal Classification Buone Condizioni Not For Loan CISF - Milano CISF - Milano 01/08/2019   b7552 9788878364714 01/08/2019 01/08/2019 LIBRO
CREDITS: SOCIETA' SAN PAOLO Via A.Severo, 58 - ROMA (RM) & PERIODICI SAN PAOLO SRL Via Giotto, 36 MILANO & CISF Via Giotto, 36 MILANO & EDIZIONI SAN PAOLO SRL,  Piazza Soncino, 5 CINISELLO BALSAMO (MI) -- ITALY